[Event "1st Abu Dhabi Super Blitz"]
[Site "chess.com INT"]
[Date "2020.04.15"]
[Round "7"]
[White "Sarana, Alexey"]
[Black "Gretarsson, Hjorvar Steinn"]
[Result "1-0"]
[WhiteTitle "GM"]
[BlackTitle "GM"]
[WhiteElo "2654"]
[BlackElo "2579"]
[WhiteFideId "24133795"]
[BlackFideId "2302241"]
[EventDate "2020.04.15"]
[EventType "blitz"]

1. d4 Nf6 2. c4 e6 3. Nf3 b6 4. g3 Bb7 5. Bg2 Be7 6. Nc3 Ne4 7. Bd2 d5 8. cxd5
exd5 9. O-O O-O 10. Bf4 Nd7 11. Rc1 c5 12. dxc5 Ndxc5 13. Be5 Re8 14. Nb5 Bf8
15. Bf4 Ne6 16. Be3 Bc5 17. Nbd4 Qf6 18. Qa4 h6 19. Rfd1 a5 20. a3 Rec8 21. Qb3
a4 22. Qd3 Ba6 23. Qb1 Bc4 24. Rxc4 dxc4 25. Qxe4 Rd8 26. Rd2 Nxd4 27. Bxd4 Bxd4
28. Nxd4 Rac8 29. Qe3 Re8 30. Qc3 Rcd8 31. e3 b5 32. Qb4 Re5 33. h4 g5 34. hxg5
hxg5 35. Qa5 g4 36. Qc7 Qd6 37. Qxd6 Rxd6 38. Bf1 Rc5 39. Be2 f5 40. Rc2 Kf7 41.
Kf1 Kf6 42. Ke1 Rd7 43. Kd2 Rh7 44. Rc1 Rh2 45. Rf1 Ke5 46. Kc3 Ke4 47. Bd1 Ke5
48. Bc2 Kf6 49. Kb4 Rd5 50. Bb1 Rg2 51. Kc3 Rh2 52. Bc2 Rg2 53. Ne2 Rh2 54. Bb1
Rh8 55. Nd4 Rc8 56. Rh1 Kg6 57. Bc2 Rf8 58. Rh4 Kf6 59. Rh5 Kg6 60. Rh4 Kg5 61.
Rh7 Rf6 62. Rb7 Rh6 63. Kd2 Rh2 64. Ke2 Rh1 65. Nxb5 Rc1 66. Bxa4 Rb1 67. Nc3 1-0

[Event "1st Abu Dhabi Super Blitz"]
[Site "chess.com INT"]
[Date "2020.04.15"]
[Round "7"]
[White "Mikhalevski, Victor"]
[Black "Bordi, Kevin"]
[Result "1/2-1/2"]
[WhiteTitle "GM"]
[WhiteElo "2565"]
[BlackElo "2288"]
[WhiteFideId "2801914"]
[BlackFideId "621862"]
[EventDate "2020.04.15"]
[EventType "blitz"]

1. Nf3 d5 2. g3 c6 3. Bg2 Nf6 4. c4 Bf5 5. Qb3 Qb6 6. d3 e6 7. O-O Nbd7 8. Qc2
Bg6 9. b3 Be7 10. Bb2 O-O 11. Nc3 Rac8 12. Rad1 Rfd8 13. Nh4 Bh5 14. h3 Ne8 15.
Nf3 Bg6 16. Qc1 h6 17. Kh2 Nef6 18. Nh4 Bh7 19. f4 Qc7 20. Nf3 Bd6 21. Rfe1 e5
22. e3 exf4 23. exf4 Nc5 24. Ne5 Bxe5 25. fxe5 Nxd3 26. Rxd3 Bxd3 27. exf6 g5
28. cxd5 Re8 29. Rd1 Bg6 30. dxc6 bxc6 31. Rd2 Re3 32. Rd8+ Qxd8 33. Qxe3 Qxf6
34. Nd5 Qxb2 35. Ne7+ Kh7 36. Nxc8 Qxa2 37. Ne7 a5 38. Nxc6 a4 39. bxa4 Qxa4 40.
Ne7 Bb1 41. Qc1 Qc2 42. Qxc2+ Bxc2 43. g4 Kg7 44. Nf5+ Kg6 45. Nd4 Bb1 46. Kg3
h5 47. gxh5+ Kxh5 48. Bd5 f5 49. Bf7+ Kh6 50. Ne6 Bc2 51. Be8 Bb3 52. Bd7 Bxe6
53. Bxe6 Kg6 54. Bd7 Kf6 55. Bc8 Kg6 56. Be6 Kf6 57. Bb3 Kg6 58. Bc2 Kf6 59. Kf2
Kg6 60. Ke3 Kf6 61. Kd4 g4 62. hxg4 fxg4 63. Be4 g3 64. Ke3 Kg5 65. Kf3 Kh4 66.
Kg2 Kg4 67. Bf3+ Kf4 68. Bd1 Ke3 69. Kxg3 1/2-1/2

[Event "1st Abu Dhabi Super Blitz"]
[Site "chess.com INT"]
[Date "2020.04.15"]
[Round "7"]
[White "Paravyan, David"]
[Black "Suleymenov, Alisher"]
[Result "1-0"]
[WhiteTitle "GM"]
[BlackTitle "IM"]
[WhiteElo "2653"]
[BlackElo "2423"]
[WhiteFideId "4194985"]
[BlackFideId "13707833"]
[EventDate "2020.04.15"]
[EventType "blitz"]

1. e4 c5 2. Nf3 e6 3. d4 d5 4. Bb5+ Nc6 5. exd5 exd5 6. O-O Nf6 7. Ne5 Qb6 8. c4
Be6 9. Qa4 Rc8 10. cxd5 Nxd5 11. Nxc6 bxc6 12. Ba6 Rb8 13. dxc5 Bxc5 14. Nd2 O-O
15. Ne4 Bd4 16. Bd3 Bf5 17. a3 Rfe8 18. Qc2 Bxe4 19. Bxe4 Nf6 20. Bf3 c5 21. Rb1
Qb3 22. Qxb3 Rxb3 23. Bd1 Rb6 24. g3 h6 25. Kg2 Nd5 26. Bf3 Nc7 27. Rd1 Ne6 28.
b3 g5 29. Bd5 Nc7 30. Bc4 Nb5 31. Bb2 Bxb2 32. Rxb2 Nxa3 33. Bd5 c4 34. Ra1 c3
35. Rba2 Nb5 36. Bc4 Re7 37. Rc2 Rc7 38. Rac1 Rcb7 39. Rd1 Kg7 40. Rd3 Nd6 41.
Bd5 Rd7 42. Rcxc3 Nb5 43. Rc1 Rbd6 44. Rcd1 Nc3 45. Rxc3 Rxd5 46. Ra1 Rb5 47.
Ra3 a5 48. Rc2 Rd3 49. Rca2 Rdd5 50. Rc2 Kg6 51. Rca2 f6 52. g4 h5 53. h3 hxg4
54. hxg4 Rd4 55. Ra4 Rdb4 56. Rxb4 Rxb4 57. f3 Rb5 58. Ra4 Kf7 59. Kf2 Ke6 60.
Ke2 Kd5 61. Kd2 Rc5 62. Kd3 Rb5 63. Kc3 Rc5+ 64. Kd3 Kc6 65. Re4 Kb5 66. Kd4 Rc6
67. Kd5 Rc5+ 68. Ke6 Rc6+ 69. Kf5 Rd6 70. Rc4 Rb6 71. Kg6 Rd6 72. Re4 Rb6 73.
Kf7 Kc5 74. Re3 Kd4 75. Re4+ Kd3 76. Ra4 Rxb3 77. Rxa5 1-0

[Event "1st Abu Dhabi Super Blitz"]
[Site "chess.com INT"]
[Date "2020.04.15"]
[Round "7"]
[White "Maghsoodloo, Parham"]
[Black "Sjugirov, Sanan"]
[Result "1-0"]
[WhiteTitle "GM"]
[BlackTitle "GM"]
[WhiteElo "2676"]
[BlackElo "2675"]
[WhiteFideId "12539929"]
[BlackFideId "4189302"]
[EventDate "2020.04.15"]
[EventType "blitz"]

1. e4 e5 2. Nf3 Nc6 3. Bb5 a6 4. Ba4 d6 5. O-O Bd7 6. c3 g6 7. Re1 Bg7 8. h3 Nf6
9. d4 O-O 10. Nbd2 Re8 11. Bc2 b5 12. Nf1 Na5 13. Ng3 c5 14. d5 Nc4 15. b3 Nb6
16. Bg5 h6 17. Be3 a5 18. Qd2 Kh7 19. Kh1 a4 20. Ng1 Qc7 21. f4 exf4 22. Bxf4
axb3 23. axb3 Rxa1 24. Rxa1 b4 25. N1e2 c4 26. Rc1 cxb3 27. Bxb3 Nxe4 28. Nxe4
Rxe4 29. cxb4 Qb8 30. Bg3 Qe8 31. Re1 Qd8 32. Bc2 Re8 33. Bb3 Bf5 34. Nd4 Rxe1+
35. Bxe1 Be4 36. Nc6 Qf6 37. Kh2 Qf5 38. Bg3 Nxd5 39. Bxd5 Qxd5 40. Qxd5 Bxd5
41. b5 Bf8 42. Na5 Be7 43. b6 Bd8 44. Bf2 Kg7 45. b7 Bc7 46. Ba7 Bxb7 47. Nxb7
Kf6 48. Be3 h5 49. Bf4 Ke6 50. Kg3 Kd5 51. Bd2 Kc6 52. Na5+ Kb5 53. Nb3 Kc4 54.
Nc1 d5+ 55. Kh4 Bd8+ 56. Kg3 Bb6 57. Kf3 Bc7 58. Bf4 Bd8 59. Ne2 g5 60. Be3 f5
61. g3 Kd3 62. Nc1+ Kc4 63. Ke2 g4 64. h4 Bc7 65. Kf2 d4 66. Bg5 d3 67. Ke3 Bxg3
68. Nxd3 Kc3 69. Nf4 Be1 70. Nxh5 g3 71. Kf3 g2 72. Kxg2 Bxh4 73. Bxh4 Kd3 74.
Kf3 f4 75. Nxf4+ Kd4 76. Bf6+ Kc4 77. Ke4 Kb5 78. Kd5 Kb6 79. Ne6 Kb7 80. Kc5
Ka7 81. Kc6 Ka8 82. Nc7+ Kb8 83. Bd4 Kc8 84. Ba7 Kd8 85. Nd5 Ke8 86. Kd6 Kf7 87.
Ne7 Kf6 88. Be3 Kf7 89. Bd4 Ke8 90. Ke6 Kd8 91. Bb6+ Ke8 92. Nf5 1-0

[Event "1st Abu Dhabi Super Blitz"]
[Site "chess.com INT"]
[Date "2020.04.15"]
[Round "8"]
[White "Baklan, Vladimir"]
[Black "Ponkratov, Pavel"]
[Result "1-0"]
[WhiteTitle "GM"]
[BlackTitle "GM"]
[WhiteElo "2587"]
[BlackElo "2631"]
[WhiteFideId "14102196"]
[BlackFideId "4157800"]
[EventDate "2020.04.15"]
[EventType "blitz"]

1. e4 e6 2. d4 d5 3. Nd2 b6 4. Bd3 Nf6 5. e5 Nfd7 6. Nh3 c5 7. c3 Ba6 8. Bxa6
Nxa6 9. O-O Nab8 10. Nf4 Nc6 11. Nf3 g6 12. c4 dxc4 13. d5 Ncxe5 14. dxe6 fxe6
15. Nxe6 Qb8 16. Bf4 Bd6 17. Bg3 Ke7 18. Nf4 Rf8 19. Nd5+ Kf7 20. Ng5+ Kg8 21.
Ne4 Rf5 22. Re1 Bf8 23. Nef6+ Nxf6 24. Nxf6+ Rxf6 25. Bxe5 Rd6 26. Qf3 Rd3 27.
Qf6 Qd8 28. Qh8+ Kf7 29. Qxh7+ Ke6 30. Bc7+ 1-0

[Event "1st Abu Dhabi Super Blitz"]
[Site "chess.com INT"]
[Date "2020.04.15"]
[Round "8"]
[White "Gajewski, Grzegorz"]
[Black "Abdusattorov, Nodirbek"]
[Result "1-0"]
[WhiteTitle "GM"]
[BlackTitle "GM"]
[WhiteElo "2618"]
[BlackElo "2627"]
[WhiteFideId "1116207"]
[BlackFideId "14204118"]
[EventDate "2020.04.15"]
[EventType "blitz"]

1. d4 d5 2. Nf3 e6 3. Bf4 c5 4. e3 Nf6 5. Nbd2 Bd6 6. Bg3 O-O 7. c3 Nc6 8. Bd3
b6 9. Qe2 Bb7 10. Rd1 a5 11. e4 Be7 12. e5 Nh5 13. a3 c4 14. Bb1 b5 15. h4 g6
16. Bh2 Ng7 17. h5 Nxh5 18. g4 Ng7 19. Bf4 f5 20. exf6 Rxf6 21. Bg3 Rf7 22. Ne5
Nxe5 23. Bxe5 Bf6 24. Nf3 b4 25. Qe3 Qf8 26. Bxg6 hxg6 27. Qh6 Ne8 28. Qh8+ 1-0

[Event "1st Abu Dhabi Super Blitz"]
[Site "chess.com INT"]
[Date "2020.04.15"]
[Round "8"]
[White "Sychev, Klementy"]
[Black "Le, Quang Liem"]
[Result "1-0"]
[WhiteTitle "GM"]
[BlackTitle "GM"]
[WhiteElo "2572"]
[BlackElo "2709"]
[WhiteFideId "4114060"]
[BlackFideId "12401137"]
[EventDate "2020.04.15"]
[EventType "blitz"]

1. e4 c6 2. d4 d5 3. Nd2 dxe4 4. Nxe4 Nf6 5. Nxf6+ exf6 6. c3 Bd6 7. Bd3 O-O 8.
Qc2 Re8+ 9. Ne2 h5 10. O-O h4 11. Nf4 Nd7 12. Qd1 Nf8 13. Qh5 Qc7 14. g3 Bd7 15.
Bd2 b5 16. Kh1 c5 17. Qxh4 c4 18. Bc2 g5 19. Qh6 gxf4 20. gxf4 Qc6+ 21. f3 f5
22. Rg1+ Ng6 23. Rxg6+ fxg6 24. Qxg6+ Kh8 25. Qh6+ Kg8 26. Rg1+ Kf7 27. Rg7+ 1-0

[Event "1st Abu Dhabi Super Blitz"]
[Site "chess.com INT"]
[Date "2020.04.15"]
[Round "8"]
[White "Grachev, Boris"]
[Black "Heberla, Bartlomiej"]
[Result "1-0"]
[WhiteTitle "GM"]
[BlackTitle "GM"]
[WhiteElo "2612"]
[BlackElo "2572"]
[WhiteFideId "4129199"]
[BlackFideId "1115120"]
[EventDate "2020.04.15"]
[EventType "blitz"]

1. Nf3 g6 2. d4 Bg7 3. Bf4 Nf6 4. e3 O-O 5. Be2 c5 6. c3 b6 7. h3 Bb7 8. O-O d6
9. Nbd2 Nbd7 10. Bh2 a6 11. a4 Ra7 12. Re1 Qa8 13. Nc4 Bc6 14. a5 b5 15. Nb6 Qd8
16. d5 Bb7 17. Nxd7 Qxd7 18. c4 bxc4 19. Bxc4 Ne8 20. Ra2 Nc7 21. e4 Nb5 22. e5
Qd8 23. exd6 exd6 24. Qd3 Bc8 25. Bxb5 axb5 26. Qxb5 Bb7 27. Rd1 Qc7 28. b4 cxb4
29. Qxb4 Rfa8 30. Bxd6 Qd8 31. Bc5 Rxa5 32. Rxa5 1-0

[Event "1st Abu Dhabi Super Blitz"]
[Site "chess.com INT"]
[Date "2020.04.15"]
[Round "8"]
[White "Gretarsson, Hjorvar Steinn"]
[Black "Naroditsky, Daniel"]
[Result "1-0"]
[WhiteTitle "GM"]
[BlackTitle "GM"]
[WhiteElo "2579"]
[BlackElo "2621"]
[WhiteFideId "2302241"]
[BlackFideId "2026961"]
[EventDate "2020.04.15"]
[EventType "blitz"]

1. c4 e5 2. Nc3 Bb4 3. Nd5 Na6 4. Nxb4 Nxb4 5. g3 Nf6 6. Bg2 O-O 7. d3 d5 8. a3
Nc6 9. cxd5 Nxd5 10. Nf3 Be6 11. O-O Qd7 12. b4 f6 13. Bb2 Bh3 14. Bxh3 Qxh3 15.
Rc1 Kh8 16. Rc4 Rad8 17. Qc2 a6 18. Rc1 Nde7 19. d4 exd4 20. Bxd4 Nxd4 21. Rxd4
c6 22. Rcd1 Rde8 23. Rd7 b5 24. e3 Qg4 25. Kg2 Ng6 26. R1d4 Qh5 27. Qxc6 h6 28.
g4 Nh4+ 29. Kg3 Nf5+ 30. gxf5 Qxf5 31. Rg4 Rg8 32. Qd5 Qh7 33. Nh4 Re5 34. Qxe5
fxe5 35. Ng6+ Qxg6 1-0

[Event "1st Abu Dhabi Super Blitz"]
[Site "chess.com INT"]
[Date "2020.04.15"]
[Round "8"]
[White "Avalyan, Artur"]
[Black "Sanal, Vahap"]
[Result "1-0"]
[WhiteTitle "FM"]
[BlackTitle "GM"]
[WhiteElo "2342"]
[BlackElo "2581"]
[WhiteFideId "34164550"]
[BlackFideId "6300545"]
[EventDate "2020.04.15"]
[EventType "blitz"]

1. d4 Nf6 2. c4 g6 3. Nc3 Bg7 4. e4 O-O 5. Be2 d6 6. Be3 Nbd7 7. Nf3 c5 8. d5 a6
9. a4 Ng4 10. Bg5 h6 11. Bh4 Qc7 12. O-O Nge5 13. Nd2 Nf6 14. h3 g5 15. Bg3 e6
16. Qc2 exd5 17. exd5 Re8 18. Rfe1 Bd7 19. Bf1 Nh5 20. Bh2 f5 21. Be2 Nf6 22. f4
Nf7 23. Bd3 Qc8 24. Rf1 g4 25. Rae1 Rxe1 26. Rxe1 Nh5 27. hxg4 fxg4 28. g3 Bd4+
29. Kg2 Ng7 30. Nce4 Nf5 31. Bg1 Kg7 32. Qd1 h5 33. Bxd4+ Nxd4 34. Rh1 Nf5 35.
Nf1 Qh8 36. Qd2 Re8 37. Bb1 Kg8 38. Rxh5 Qg7 39. Nf2 Kf8 40. Bxf5 Bxf5 41. Rxf5
Qg6 42. Qd3 Kg7 43. Ne3 Rxe3 44. Rxf7+ Kxf7 45. Qxe3 1-0

[Event "1st Abu Dhabi Super Blitz"]
[Site "chess.com INT"]
[Date "2020.04.15"]
[Round "8"]
[White "Nepomniachtchi, Ian"]
[Black "Andriasian, Zaven"]
[Result "1/2-1/2"]
[WhiteTitle "GM"]
[BlackTitle "GM"]
[WhiteElo "2784"]
[BlackElo "2606"]
[WhiteFideId "4168119"]
[BlackFideId "13302000"]
[EventDate "2020.04.15"]
[EventType "blitz"]

1. c4 e5 2. Nc3 Nc6 3. Nf3 Nf6 4. e4 Bb4 5. d3 d6 6. a3 Bxc3+ 7. bxc3 h6 8. g3
O-O 9. Bg2 Nh7 10. Nh4 Qf6 11. O-O g5 12. Nf5 Bxf5 13. exf5 Qxf5 14. f4 exf4 15.
gxf4 g4 16. Rb1 Rab8 17. Rb5 Qd7 18. Rh5 f5 19. Rxh6 Kg7 20. Rh4 Qe7 21. Qe1
Qxe1 22. Rxe1 Nf6 23. h3 Rbe8 24. Bd2 Rxe1+ 25. Bxe1 Re8 26. Bf2 Re2 27. hxg4
fxg4 28. Bxc6 bxc6 29. Bxa7 c5 30. Bb8 Re3 31. Bxc7 Rxd3 32. a4 Rxc3 33. Bxd6
Rxc4 34. a5 Ra4 35. Bc7 c4 36. Kg2 c3 37. Rh1 Ne4 38. Rc1 Ra2+ 39. Kg1 Kg6 40.
Be5 Rxa5 41. Bxc3 Ra2 42. Be1 Kf5 43. Rc8 g3 44. Rg8 Kxf4 45. Bxg3+ Nxg3 46.
Rg4+ Kf3 47. Rf4+ Ke3 48. Rf3+ Kxf3 1/2-1/2

[Event "1st Abu Dhabi Super Blitz"]
[Site "chess.com INT"]
[Date "2020.04.15"]
[Round "8"]
[White "Akobian, Varuzhan"]
[Black "Dominguez Perez, Leinier"]
[Result "1-0"]
[WhiteTitle "GM"]
[BlackTitle "GM"]
[WhiteElo "2614"]
[BlackElo "2758"]
[WhiteFideId "13300580"]
[BlackFideId "3503240"]
[EventDate "2020.04.15"]
[EventType "blitz"]

1. d4 Nf6 2. c4 e6 3. Nc3 d5 4. cxd5 Nxd5 5. e4 Nxc3 6. bxc3 c5 7. Rb1 Be7 8.
Nf3 O-O 9. Bc4 Qc7 10. Qe2 a6 11. O-O b5 12. Bd3 Nd7 13. a4 bxa4 14. d5 exd5 15.
exd5 Nf6 16. c4 Bg4 17. h3 Bh5 18. Ra1 Bd6 19. Rxa4 Rfe8 20. Qd1 Bh2+ 21. Kh1
Bf4 22. Bb2 Ne4 23. Be2 Rab8 24. Ba1 Bxf3 25. Bxf3 Nd2 26. Rg1 Rb3 27. Rxa6 Qb7
28. Ra2 Qb4 29. d6 Nxf3 30. gxf3 g6 31. d7 Rd8 32. Re2 Qb8 33. Qd5 Rb7 34. Re7
Bh6 35. Qxf7# 1-0

[Event "1st Abu Dhabi Super Blitz"]
[Site "chess.com INT"]
[Date "2020.04.15"]
[Round "8"]
[White "Haydon, David L"]
[Black "Pichot, Alan"]
[Result "0-1"]
[WhiteTitle "FM"]
[BlackTitle "GM"]
[WhiteElo "2294"]
[BlackElo "2630"]
[WhiteFideId "415405"]
[BlackFideId "110973"]
[EventDate "2020.04.15"]
[EventType "blitz"]

1. Nf3 d5 2. b3 Nf6 3. Bb2 g6 4. e3 Bg7 5. c4 c6 6. d4 O-O 7. Nc3 Bf5 8. Bd3 Ne4
9. Qc2 Nxc3 10. Bxf5 gxf5 11. Qxf5 Ne4 12. O-O e6 13. Qh5 f5 14. Rfd1 Rf6 15.
Qh4 Nd7 16. Nd2 Qf8 17. f3 Rh6 18. Qe1 Qd6 19. fxe4 Qxh2+ 20. Kf2 fxe4 21. Qg1
Qh4+ 22. Ke2 Qg4+ 23. Ke1 Rf8 24. Nf1 Rhf6 25. Kd2 Rf2+ 26. Kc3 c5 27. Rd2 cxd4+
28. exd4 Rxd2 29. Nxd2 Qe2 30. Qe1 Qd3+ 31. Kb4 a5+ 32. Kxa5 e3 33. Nf3 dxc4 34.
Kb4 Rc8 35. Qg3 c3 36. Bc1 Rc6 37. a4 Rb6+ 38. Ka3 Qc2 0-1

[Event "1st Abu Dhabi Super Blitz"]
[Site "chess.com INT"]
[Date "2020.04.15"]
[Round "8"]
[White "Fedoseev, Vladimir3"]
[Black "Nagy, Gabor1"]
[Result "0-1"]
[WhiteTitle "GM"]
[BlackTitle "IM"]
[WhiteElo "2678"]
[BlackElo "2502"]
[WhiteFideId "24130737"]
[BlackFideId "737119"]
[EventDate "2020.04.15"]
[EventType "blitz"]

1. d4 Nf6 2. c4 g6 3. Nc3 Bg7 4. e4 d6 5. Be2 O-O 6. Be3 c5 7. d5 e6 8. Nf3 exd5
9. cxd5 Bg4 10. Nd2 Bxe2 11. Qxe2 Re8 12. O-O a6 13. a4 Nbd7 14. f3 Rb8 15. a5
Nh5 16. g4 Nhf6 17. Nc4 Ne5 18. Nxe5 Rxe5 19. Bf4 Re8 20. Kh1 Qe7 21. Bg3 Nd7
22. Qd2 b5 23. axb6 Rxb6 24. Ra2 Ne5 25. Qe2 Reb8 26. Nd1 Qb7 27. Be1 Rb3 28.
Bc3 c4 29. Ne3 Qb5 30. Ra5 Qb7 31. Rfa1 Nd3 32. Bxg7 Kxg7 33. Nxc4 Nxb2 34. Nxd6
Qe7 35. Rxa6 Nd3 36. Rf1 Nf4 37. Qa2 Rb2 38. Ra7 Qh4 39. Rxf7+ Kg8 40. Rg7+ Kxg7
41. Qa7+ R8b7 42. Qg1 Rd7 43. Nc4 Rc2 44. Ne5 Rb7 45. Nc6 Rbb2 46. Qa7+ Kh6 0-1

[Event "1st Abu Dhabi Super Blitz"]
[Site "chess.com INT"]
[Date "2020.04.15"]
[Round "8"]
[White "Bocharov, Dmitry"]
[Black "Nihal, Sarin"]
[Result "0-1"]
[WhiteTitle "GM"]
[BlackTitle "GM"]
[WhiteElo "2524"]
[BlackElo "2620"]
[WhiteFideId "4138716"]
[BlackFideId "25092340"]
[EventDate "2020.04.15"]
[EventType "blitz"]

1. d4 Nf6 2. c4 e6 3. Nf3 d5 4. g3 Bb4+ 5. Bd2 Be7 6. Bg2 O-O 7. O-O Nbd7 8. Qc2
Ne4 9. Rd1 c6 10. Be1 b6 11. Nc3 f5 12. Rac1 Bb7 13. b4 Nxc3 14. Qxc3 Rc8 15. a4
g5 16. Qe3 Kf7 17. b5 g4 18. Nd2 Bg5 19. Qd3 Nf6 20. e3 cxb5 21. axb5 dxc4 22.
Nxc4 Bxg2 23. Kxg2 Qd5+ 24. Kg1 Ne4 25. Ne5+ Kg8 26. Nc6 a5 27. Qc4 Qxc4 28.
Rxc4 Nd6 29. Rcc1 Nxb5 30. d5 exd5 31. Rxd5 Na7 32. Rd6 Rc7 33. Rc4 Rfc8 34.
Nxa7 Rxc4 35. Nxc8 Rxc8 36. Rxb6 Rc1 37. Kf1 Be7 38. Ke2 a4 39. Ra6 a3 40. Bd2
Rc2 41. Kd3 Rb2 42. Ra7 a2 43. Bc3 Rb3 44. Kc2 Rxc3+ 45. Kxc3 Bf6+ 46. Kc4 a1=Q
47. Rxa1 Bxa1 48. Kd5 Kf7 49. e4 Kf6 50. exf5 Kxf5 0-1

[Event "1st Abu Dhabi Super Blitz"]
[Site "chess.com INT"]
[Date "2020.04.15"]
[Round "8"]
[White "Can, Isik"]
[Black "Bluebaum, Matthias"]
[Result "0-1"]
[WhiteTitle "IM"]
[BlackTitle "GM"]
[WhiteElo "2380"]
[BlackElo "2647"]
[WhiteFideId "6383742"]
[BlackFideId "24651516"]
[EventDate "2020.04.15"]
[EventType "blitz"]

1. e4 e6 2. d4 d5 3. Nd2 c5 4. exd5 Qxd5 5. Ngf3 cxd4 6. Bc4 Qd7 7. O-O Nc6 8.
Nb3 a6 9. Nbxd4 Nxd4 10. Nxd4 Qc7 11. Bb3 Bd6 12. Re1 Ne7 13. Qh5 O-O 14. c3 b5
15. Nf3 Qc5 16. Ng5 h6 17. Bc2 Ng6 18. Be3 Qe5 19. Bd2 Qd5 20. Be4 Qxd2 21. Nf3
Qxb2 22. Bxa8 Qxc3 23. Be4 Nf4 24. Qh4 Qf6 25. Qxf6 gxf6 26. Rac1 f5 27. Bb1 Bb7
28. Kf1 Kg7 29. Red1 Rd8 30. Rc3 Kf6 31. g3 Nd5 32. Rcd3 Rc8 33. Nd4 b4 34. Nb3
Bc6 35. Nd4 Be8 36. Bc2 a5 37. Bb3 Nc3 38. Re1 a4 39. Bc2 Bc5 40. Bb1 Nb5 41.
Nf3 Na3 42. Kg2 Bb5 43. Rd2 b3 44. axb3 axb3 45. Rb2 Bc4 46. Rc1 Rb8 47. Nd2
Bd5+ 48. f3 Bd4 49. Rxb3 Bxb3 50. Nxb3 Rxb3 51. Kf1 Rxb1 52. Rxb1 Nxb1 53. Ke2
Nc3+ 0-1

[Event "1st Abu Dhabi Super Blitz"]
[Site "chess.com INT"]
[Date "2020.04.15"]
[Round "8"]
[White "Giri, Anish"]
[Black "Yilmaz, Mustafa"]
[Result "1-0"]
[WhiteTitle "GM"]
[BlackTitle "GM"]
[WhiteElo "2764"]
[BlackElo "2630"]
[WhiteFideId "24116068"]
[BlackFideId "6302718"]
[EventDate "2020.04.15"]
[EventType "blitz"]

1. d4 Nf6 2. c4 e6 3. Nf3 d5 4. Nc3 Bb4 5. Bg5 h6 6. Bxf6 Qxf6 7. Qa4+ Nc6 8. e3
O-O 9. Rc1 Rd8 10. cxd5 exd5 11. Be2 Be6 12. a3 Bf8 13. O-O a6 14. b4 Na7 15.
Qb3 c6 16. a4 Nc8 17. Ne5 Nd6 18. b5 axb5 19. axb5 c5 20. Nxd5 Bxd5 21. Qxd5
cxd4 22. exd4 Nf5 23. Qxb7 Nxd4 24. Bc4 Qxe5 25. Qxf7+ Kh7 26. Qg8+ Kg6 27. Qf7+
Kh7 28. Rce1 Qf5 29. Qg8+ Kg6 30. Re3 Bd6 31. Qxd8 Rxd8 32. Bd3 Bxh2+ 33. Kxh2
Nf3+ 34. Rxf3 Qxd3 35. Rxd3 Rxd3 36. Rb1 Rd7 37. b6 Rb7 38. Kg3 Kf5 39. Kh4 g6
40. Rb5+ Kf4 41. Rb3 Kf5 42. Kg3 Ke4 43. Kg4 Kd5 44. f4 Kc4 45. Rb1 Kc5 46. f5
gxf5+ 47. Kxf5 h5 48. Kg5 Kc6 49. Kxh5 Rh7+ 50. Kg6 Rh8 51. b7 Rg8+ 52. Kf7 1-0

[Event "1st Abu Dhabi Super Blitz"]
[Site "chess.com INT"]
[Date "2020.04.15"]
[Round "8"]
[White "Astaneh Lopez, Alex"]
[Black "Bartel, Mateusz"]
[Result "1/2-1/2"]
[WhiteTitle "IM"]
[BlackTitle "GM"]
[WhiteElo "2430"]
[BlackElo "2648"]
[WhiteFideId "2501430"]
[BlackFideId "1112635"]
[EventDate "2020.04.15"]
[EventType "blitz"]

1. Nf3 d5 2. g3 g6 3. Bg2 Bg7 4. O-O e5 5. d3 Ne7 6. Nbd2 O-O 7. e4 h6 8. Re1 d4
9. Nc4 Nec6 10. a4 Be6 11. b3 a5 12. Ba3 Re8 13. h4 Nd7 14. Kh2 Nf6 15. Ncxe5
Ng4+ 16. Nxg4 Bxg4 17. Bh3 Qd7 18. Bxg4 Qxg4 19. Kg2 f5 20. Nd2 Qxd1 21. Raxd1
Kf7 22. exf5 gxf5 23. Nc4 b6 24. Kf1 h5 25. Bc1 Nb4 26. Rxe8 Rxe8 27. Bf4 Nd5
28. Bd2 Bf8 29. Re1 Rxe1+ 30. Kxe1 Ke6 31. Ke2 Bb4 32. Bxb4 Nxb4 33. Kd1 f4 34.
Nd2 fxg3 35. fxg3 Kf5 36. Ne4 Kg4 37. Kd2 Nd5 38. Ke2 Nb4 39. Kd2 Nd5 40. Ke2
Nb4 41. Kf2 Kf5 42. Nd2 Nxc2 43. Nf3 c5 44. Nd2 Nb4 45. Ke2 Nd5 46. Ne4 Kg4 47.
Kf2 Kf5 48. Kf3 Nb4 49. Nd6+ Ke6 50. Nc4 Nxd3 51. Nxb6 Nc1 52. g4 hxg4+ 53. Kxg4
Nxb3 54. Kf3 Nd2+ 55. Ke2 Ne4 56. Kd3 Nd6 57. h5 Ke5 58. h6 Kf6 59. Nd7+ Kg6 60.
Nxc5 Kxh6 61. Kxd4 Kg6 62. Kd5 Nc8 63. Kc6 Kf6 64. Kb5 Ke5 65. Kxa5 Kd6 66. Kb4
Kc6 67. a5 1/2-1/2

[Event "1st Abu Dhabi Super Blitz"]
[Site "chess.com INT"]
[Date "2020.04.15"]
[Round "8"]
[White "Artemiev, Vladislav"]
[Black "Andreikin, Dmitry"]
[Result "1/2-1/2"]
[WhiteTitle "GM"]
[BlackTitle "GM"]
[WhiteElo "2716"]
[BlackElo "2726"]
[WhiteFideId "24101605"]
[BlackFideId "4158814"]
[EventDate "2020.04.15"]
[EventType "blitz"]

1. c4 Nf6 2. Nc3 e5 3. Nf3 Nc6 4. d3 Bb4 5. Bd2 O-O 6. g3 Re8 7. Bg2 Bxc3 8.
Bxc3 d5 9. cxd5 Nxd5 10. O-O a5 11. Rc1 a4 12. Nd2 Bg4 13. h3 Be6 14. Ne4 b6 15.
Bd2 Nde7 16. Ng5 Bd5 17. b3 h6 18. Nf3 axb3 19. axb3 Nd4 20. Bc3 Nxf3+ 21. Bxf3
Bxf3 22. exf3 Nd5 23. Re1 Qd6 24. Qe2 Nxc3 25. Rxc3 c5 26. Rc4 Rad8 27. Rd1 Re7
28. Re4 Qd5 29. b4 cxb4 30. Rxb4 Re6 31. Kg2 Red6 32. Rdb1 Qe6 33. Rb5 Rxd3 34.
Rxb6 R3d6 35. Rxd6 Qxd6 36. Rb5 Re8 37. Qe4 Qe6 38. h4 g6 39. Rc5 Kg7 40. Rc6
Qd7 41. h5 gxh5 42. Rc5 Qe6 43. Rc6 Qd7 44. Ra6 Qe7 45. Qf5 Qg5 46. Qe4 Qe7 47.
Rb6 Qg5 48. Ra6 h4 49. Qxh4 Qxh4 50. gxh4 e4 51. fxe4 Rxe4 52. Kg3 Rc4 53. f3
Rc5 54. Ra4 Rb5 55. Rg4+ Kh7 56. Rf4 Kg6 57. Rg4+ Kf6 58. Rf4+ Kg6 59. Rg4+ Kf6
60. Rf4+ Kg6 1/2-1/2